000 00267nam a22001217a 4500
020 _a81-239-0134-4
082 _a671.53 SHA'M
100 _aSHAW, MILLAN C
_967566
245 _aMETALCUTTING PRINCIPLES
260 _aDELHI
_bCBS
_c1992
300 _a594P
942 _cBK
999 _c575311
_d575311